Návrh komunikačného mixu diplomová práca

Enregistré dans:
Détails bibliographiques
Auteur principal: Liptáková, Daniela
Collectivité auteur: Fakulta podnikového manažmentu EU. Katedra podnikovohospodárska
Autres auteurs: Grančičová, Katarína, 1967-
Format: Livre
Langue:slovaque
Publié: Bratislava 2015
Tags: Ajouter un tag
Pas de tags, Soyez le premier à ajouter un tag!

MARC

LEADER 00000nbm a2200000 4500
001 0201220
005 20161212100831.3
041 0 |a slo 
044 |a SK 
245 1 0 |a Návrh komunikačného mixu  |b diplomová práca  |c Daniela Liptáková ; školiteľ: Katarína Grančičová 
264 1 |a Bratislava  |c 2015 
300 |a 80 s. 
100 1 |a Liptáková, Daniela 
700 1 |a Grančičová, Katarína, 1967- 
710 2 |a Fakulta podnikového manažmentu EU. Katedra podnikovohospodárska